00245nam a2200109Ia 4500008004100000041000800041082001200049100001800061245002000079260002900099365000700128240624s9999 xx 000 0 und d aeng a823 TAS aTASEER AATISH aWAY THINGS WERE aNew DelhibPicador India cRS